| 000 | 00319nam a22001217a 4500 | ||
|---|---|---|---|
| 008 | 230606b xxu||||| |||| 00| 0 eng d | ||
| 082 |
_a345.01 _bHOI |
||
| 100 | _cDavid Hoile | ||
| 245 |
_aThe International Criminal Court _bEurope's Guantanamo Bay? |
||
| 260 | _bAfrica Research Centre | ||
| 300 | _a345p | ||
| 942 |
_2ddc _cBK |
||
| 999 |
_c509 _d509 |
||